01904nam a2200349 i 4500003000400000005001700004008004100021020004000062040002700102082001800129090002300147100003500170245027800205264004700483264001100530300007000541336002100611337002500632338002300657500002000680520059000700650003601290650002301326650001801349700002801367700003401395700003001429700002801459700003701487942001101524999001901535OSt20260514162214.0260514t20242024enkao fr 001 0beng d a9781446310564cRM110.00qpaperback  aPPAK bengcPPAK erda04223a751.4224300a751.42243bLEA dR1 aLeach, Kate Rebecca,eauthor. 10aCREATIVE Abstract Watercolour : bThe beginner's guide to expressive and imaginative painting / cKATE REBECCA LEACH ; Managing Editor: Jeni Chown ; Project Editor: Jenny Fox-Proverbs ; Designers: Sam Staddon and Lee-May Lim ; Photography and Art Direction: Tom Hargreaves  1aExeter, England :bDAVID & CHARLES, c2024 4c©2024 a119 pages : bcolour illustrations, colour photographs ; c28 cm  atext2rdacontent aunmediated2rdamedia avolume2rdacarrier aIncludes index. aLearn how to create dynamic, original abstract art using easy techniques and nothing more than watercolor paints and a few pens. Let your creativity loose and start making art, without getting bogged down in detail or accuracy - just allow yourself to experiment, have fun, be present and play with colour, shape and texture to your heart's content. In this unique step-by-step book, you'll discover watercolor techniques, tips and tricks to create your own vibrant art, letting the natural watercolor flow to help form your composition and inspire further mixed media embellishment.10aWatercolor painting xTechnique20aPainting, Abstract20aNature in art1 aChown, Jeni, eeditor. 1 aJenny, Fox-Proverbs,eeditor.1 aStaddon, Sam, edesigner.1 aLee-May Lim,edesigner.1 aHargreaves, Tom,ephotographer.  2ddccB c204285d204285